| 000 | 01803cam a2200421 İ 4500 | ||
|---|---|---|---|
| 999 |
_c200448168 _d66380 |
||
| 001 | 200448168 | ||
| 003 | TR-AnTOB | ||
| 005 | 20220728133754.0 | ||
| 007 | ta | ||
| 008 | 220317m19861987sz 00000 eng d | ||
| 020 | _a9221057895 (report III (1)) | ||
| 020 | _a9221057909 (report III(2)) | ||
| 035 | _a(ICU)BID12628676 | ||
| 035 | _a(OCoLC)18289528 | ||
| 040 |
_aCUY _beng _erda _cCUY _dICU _dTR-AnTOB |
||
| 041 | 0 |
_aeng _afre |
|
| 050 | 1 | 4 |
_aHD8039.S4 _bI58 1987 |
| 090 |
_aTOBBK HD8039.S4 _bI58 1987 |
||
| 110 | 2 |
_aInternational Labour Office _927101 |
|
| 245 | 0 | 0 |
_aSocial security protection for seafarers including those serving in ships flying flags other than those of their own country / _cInternational Labour Office. |
| 264 | 1 |
_aGeneva : _bInternational Labour Office, _c1987. |
|
| 300 |
_avolumes ; _c24 cm |
||
| 336 |
_atext _btxt _2rdacontent |
||
| 337 |
_aunmediated _bn _2rdamedia |
||
| 338 |
_avolume _bnc _2rdacarrier |
||
| 500 | _aAt head of title: International Labour Conference 74th (Maritime) Session, 1987, report III. | ||
| 500 | _aThird item on the agenda. | ||
| 590 | _aLibrary has: Copy 1 Gen: v.1*2. Copy 2 Gen: v.1. | ||
| 650 | 0 |
_aMerchant mariners _xPensions _0http://id.loc.gov/authorities/subjects/sh87000444 |
|
| 650 | 0 |
_aMerchant mariners _xSalaries, etc. _0http://id.loc.gov/authorities/subjects/sh85083777 |
|
| 650 | 0 |
_aSocial security _0http://id.loc.gov/authorities/subjects/sh85124036 _989568 |
|
| 650 | 7 |
_aMerchant mariners _xPensions. _2fast _0http://id.worldcat.org/fast/fst01017023 |
|
| 650 | 7 |
_aSocial security. _2fast _0http://id.worldcat.org/fast/fst01123077 |
|
| 711 | 2 | 0 |
_aInternational Labour Conference _n(74th (Maritime) : _d1987 : _cGeneva, Switzerland) _9136137 |
| 942 |
_2z _cBK |
||